日本大学の付属高校 - Statistics

General Stats
  • This quiz has been taken 206 times
  • The average score is 14 of 26
Answer Stats
所在地 分類 高等学校名 % Correct
山形県 付属 日本大学山形高等学校
87%
東京都 特別付属 日本大学第三高等学校
85%
東京都 特別付属 日本大学第二高等学校
83%
神奈川県 付属 日本大学高等学校
80%
東京都 特別付属 日本大学第一高等学校
75%
長崎県 準付属 長崎日本大学高等学校
72%
長野県 準付属 長野日本大学高等学校
70%
宮崎県 準付属 宮崎日本大学高等学校
70%
茨城県 準付属 土浦日本大学高等学校
68%
茨城県 準付属 土浦日本大学中等教育学校
68%
岐阜県 準付属 大垣日本大学高等学校
68%
北海道 準付属 札幌日本大学高等学校
63%
栃木県 準付属 佐野日本大学高等学校
58%
栃木県 準付属 佐野日本大学中等教育学校
58%
静岡県 付属 日本大学三島高等学校
54%
神奈川県 付属 日本大学藤沢高等学校
49%
福島県 付属 日本大学東北高等学校
45%
東京都 付属 日本大学豊山高等学校
43%
千葉県 付属 日本大学習志野高等学校
41%
東京都 付属 日本大学鶴ヶ丘高等学校
41%
千葉県 特別付属 千葉日本大学第一高等学校
30%
東京都 付属 日本大学櫻丘高等学校
29%
山梨県 付属 日本大学明誠高等学校
22%
茨城県 準付属 岩瀬日本大学高等学校
21%
東京都 準付属 目黒日本大学高等学校
21%
東京都 付属 日本大学豊山女子高等学校
18%
No matching quizzes found
Score Distribution
Percent of People with Each Score
Percentile by Number Answered
Your Score History
You have not taken this quiz